|
|
|
|
| LEADER |
00000nam0a2200000 4500 |
| 001 |
51126 |
| 005 |
20231031034535.0 |
| 035 |
|
|
|a (RuTPU)RU\TPU\book\53527
|
| 090 |
|
|
|a 51126
|
| 100 |
|
|
|a 20030424d1996 m y0rusy50 ca
|
| 101 |
0 |
|
|a rus
|
| 102 |
|
|
|a RU
|
| 105 |
|
|
|a y j 001zy
|
| 200 |
1 |
|
|a Правовые и нормативные основы сертификации
|e учебное пособие
|f М. Н. Уляницкий
|g Академия стандартизации, метрологии и сертификации (учебная) Госстандарта России
|
| 210 |
|
|
|a Москва
|c АСМС
|d 1996
|
| 215 |
|
|
|a 66 с.
|
| 320 |
|
|
|a Библиогр.: с. 65-66.
|
| 610 |
1 |
|
|a организация производства
|
| 610 |
1 |
|
|a Россия
|
| 610 |
1 |
|
|a сертификация
|
| 610 |
1 |
|
|a правовые основы
|
| 610 |
1 |
|
|a нормативные основы
|
| 610 |
1 |
|
|a учебные пособия
|
| 675 |
|
|
|a 658.562.012.7(07)
|v 3
|
| 700 |
|
1 |
|a Уляницкий
|b М. Н.
|g Михаил Наумович
|
| 712 |
0 |
2 |
|a Академия стандартизации, метрологии и сертификации (учебная) Госстандарта России
|2 stltpush
|3 (RuTPU)RU\TPU\col\802
|
| 801 |
|
1 |
|a RU
|b 63413507
|c 20030424
|g PSBO
|
| 801 |
|
2 |
|a RU
|b 63413507
|c 20100823
|g PSBO
|
| 900 |
|
|
|a Метрология, стандартизация и сертификация
|
| 942 |
|
|
|c BK
|
| 954 |
|
|
|b 072000
|